Nombra los Pokémon II gen - Estadísticas

Estadísticas generales
  • Esta prueba ha sido intentada 257 veces
  • La puntuación promedio es 72 de 100
Estadísticas de respuestas
N.º Tipo Pokémon % Correcto
152 Planta Chikorita
97%
154 Planta Meganium
97%
155 Fuego Cyndaquil
96%
156 Fuego Quilava
96%
158 Agua Totodile
95%
153 Planta Bayleef
94%
159 Agua Croconaw
92%
164 Normal/Volador Noctowl
91%
157 Fuego Typhlosion
91%
160 Agua Feraligatr
90%
163 Normal/Volador Hoothoot
90%
161 Normal Sentret
90%
244 Fuego Entei
89%
250 Fuego/Volador Ho-oh
89%
249 Psíquico/Volador Lugia
88%
245 Agua Suicune
88%
172 Eléctrico Pichu
86%
251 Psíquico/Planta Celebi
85%
239 Eléctrico Elekid
85%
162 Normal Furret
85%
243 Eléctrico Raikou
85%
175 Hada Togepi
84%
246 Roca/Tierra Larvitar
82%
240 Fuego Magby
82%
247 Roca/Tierra Pupitar
81%
248 Roca/Siniestro Tyranitar
81%
169 Veneno/Volador Crobat
80%
208 Acero/Tierra Steelix
80%
173 Hada Cleffa
79%
171 Agua/Eléctrico Lanturn
79%
167 Bicho/Veneno Spinarak
79%
168 Bicho/Veneno Ariados
78%
174 Normal/Hada Igglybuff
78%
176 Hada/volador Togetic
78%
214 Bicho/Lucha Heracross
77%
197 Siniestro Umbreon
77%
196 Psíquico Espeon
76%
181 Eléctrico Ampharos
75%
170 Agua/Eléctrico Chinchou
75%
180 Eléctrico Flaaffy
75%
179 Eléctrico Mareep
75%
183 Agua/Hada Marill
74%
184 Agua/Hada Azumarill
73%
228 Siniestro/Fuego Houndour
73%
237 Lucha Hitmontop
72%
230 Agua/Dragon Kingdra
72%
177 Psíquico/Volador Natu
72%
212 Bicho/Acero Scizor
72%
227 Acero/Volador Skarmory
72%
178 Psíquico/Volador Xatu
72%
229 Siniestro/Fuego Houndoom
71%
166 Bicho/Volador Ledian
71%
165 Bicho/Volador Ledyba
71%
188 Planta/Volador Skiploom
71%
220 Hielo/Tierra Swinub
71%
221 Hielo/Tierra Piloswine
70%
189 Planta/Volador Jumpluff
69%
200 Fantasma Misdreavus
69%
204 Bicho Pineco
69%
215 Siniestro/Hielo Sneasel
69%
205 Bicho/Acero Forretress
68%
187 Planta/Volador Hoppip
68%
195 Agua/Tierra Quagsire
68%
218 Fuego Slugma
68%
185 Roca Sudowoodo
68%
198 Siniestro/Volador Murkrow
67%
219 Fuego/Roca Magcargo
66%
241 Normal Miltank
66%
194 Agua/Tierra Wooper
66%
207 Tierra/Volador Gligar
65%
238 Hielo/Psíquico Smoochum
65%
236 Lucha Tyrogue
65%
182 Planta Bellossom
61%
209 Hada Snubbull
61%
225 Hielo/Volador Delibird
60%
192 Planta Sunflora
60%
222 Agua/Roca Corsola
59%
203 Normal/Psíquico Girafarig
59%
210 Hada Granbull
59%
186 Agua Politoed
59%
193 Bicho/Volador Yanma
59%
191 Planta Sunkern
58%
231 Tierra Phanpy
56%
213 Bicho/Roca Shuckle
56%
199 Agua/Psíquico Slowking
56%
216 Normal Teddiursa
56%
232 Tierra Donphan
55%
226 Agua/Volador Mantine
55%
217 Normal Ursaring
55%
211 Agua/Veneno Qwilfish
54%
201 Psíquico Unown
54%
190 Normal Aipom
52%
242 Normal Blissey
52%
224 Agua Octillery
52%
233 Normal Porygon2
52%
223 Agua Remoraid
52%
234 Normal Stantler
52%
235 Normal Smeargle
51%
202 Psíquico Wobbuffet
51%
206 Normal Dunsparce
48%
No se encontraron pruebas coincidentes
Distribución de puntuación
Porcentaje de gente con cada puntuación
Porcentaje por número respondido
Historial de tus puntuaciones
No has intentado esta prueba.